Countries with the most Beautiful Women (top 15) - Statistics

General Stats
  • This quiz has been taken 38 times
  • The average score is 13 of 15
Answer Stats
Hint Answer % Correct
Holds the Christ the Redeemer Brazil
97%
Has 12 time zones France
97%
Leaning Tower of Pisa Italy
97%
Is currently in war with Russia Ukraine
97%
The only country that borders Ireland United Kingdom
97%
The national anthem has no official lyrics Spain
90%
Home to the Second-Largest Coral Reef in the World Mexico
87%
Larger than Pluto Russia
87%
Created Volvo, Bluetooth and Minecraft Sweden
87%
65% of the highways in this country have no speed limit Germany
84%
One of the Sunniest countries in Europe Greece
77%
Is the birthplace of Tango Argentina
74%
holds the world's largest proven oil reserves Venezuela
71%
Where Marie Curie is partly from Poland
68%
World's second most biodiverse country Colombia
58%
No matching quizzes found
Score Distribution
Percent of People with Each Score
Percentile by Number Answered
Your Score History
You have not taken this quiz